| 000 | 00849nam a2200229 4500 | ||
|---|---|---|---|
| 999 |
_c64227 _d64227 |
||
| 005 | 20240530110721.0 | ||
| 008 | 180321s2017 ua a g b 000 0 ara d | ||
| 017 |
_a2017/3164 _bمصر. دار الكتب |
||
| 020 | _a9789776469369 | ||
| 040 |
_aEG-CaGPL _cEG-CaGPL |
||
| 082 | 0 | 4 |
_221 _a371.12\ _bر إ |
| 100 | 0 | _aرشيدة السيد الطاهر | |
| 245 | 1 | 0 |
_aاستراتيجيات التنمية المهنية للمعلمين واسس تخطيطها / _cاعداد رشيدة السيد الطاهر . |
| 250 | _aط.1 | ||
| 260 |
_aالقاهرة : _bدار العلوم للنشر والتوزيع، _c2017 . |
||
| 300 |
_a272 ص. ؛ _c24 سم. |
||
| 650 | 0 | 7 |
_2qrmak _aالمدرسون |
| 650 | 0 | 7 |
_2qrmak _aالمدرسون _xتدريب |
| 651 | _2qrmak | ||
| 942 |
_2ddc _cBK |
||